Η ελληνική κληρονομιά στη Σικελία

Τον 4ο αιώνα π.Χ. η Σικελία είναι πλέον, από κάθε άποψη, η νέα Ελλάδα της Δύσης. Μαζί με τον Αλέξιο, έναν θαρραλέο άποικο από την Κόρινθο, θα ταξιδέψουμε στο νησί με τις πολυάριθμες αποικίες όπως οι Συρακούσες, ο Ακράγαντας, με την υπέροχη Κοιλάδα των Ναών, και ο Σελινούντας. Στην τελευταία πόλη, χά...

Πλήρης περιγραφή

Αποθηκεύτηκε σε:
Λεπτομέρειες βιβλιογραφικής εγγραφής
Συγγραφή απο Οργανισμό/Αρχή: Kos Advanced Communication Mix (Εταιρεία)
Μορφή: VHS
Γλώσσα:Greek
Italian
Δημοσίευση: [Χ.τ.] : De Agostini Hellas, c2002.
Σειρά:Συγκλονιστικές ανακαλύψεις και αρχαίοι πολιτισμοί ; 19
Θέματα:
Ετικέτες: Προσθήκη ετικέτας
Δεν υπάρχουν, Καταχωρήστε ετικέτα πρώτοι!

MARC

LEADER 00000cgm a2200000 i 4500
001 1/41246
007 mf cbahn
008 030923s2002 gr ||| gre
035 |l 10070957 
040 |a GR-MyUA  |b gre  |e AACR2 
041 1 |a gre  |h ita 
082 0 |a 938.296  |2 (21) 
245 1 2 |a Η ελληνική κληρονομιά στη Σικελία   |h [μαγνητοσκόπηση] /   |c Μια παραγωγή της Kos S.r.l.  
260 |a [Χ.τ.] :   |b De Agostini Hellas,   |c c2002.  
300 |a 1 βιντεοκασέτα (π. 30 λεπτ.) :   |b ομιλ., έγχρ. ;   |c 1/4 (1/2 ιν.).  
490 1 |a (Συγκλονιστικές ανακαλύψεις και αρχαίοι πολιτισμοί   |v ; 19)  
500 |a Ντοκιμαντέρ 
500 |a TVHS 
500 |a Τίτλος πρωτοτύπου: L' eredita Greca in Occidente.  
508 |a Αφηγητής: Ηλίας Ζερβός 
520 |a Τον 4ο αιώνα π.Χ. η Σικελία είναι πλέον, από κάθε άποψη, η νέα Ελλάδα της Δύσης. Μαζί με τον Αλέξιο, έναν θαρραλέο άποικο από την Κόρινθο, θα ταξιδέψουμε στο νησί με τις πολυάριθμες αποικίες όπως οι Συρακούσες, ο Ακράγαντας, με την υπέροχη Κοιλάδα των Ναών, και ο Σελινούντας. Στην τελευταία πόλη, χάρη σε μια ψηφιακή αναπαράσταση, πρώτοι εμείς, μετά από αιώνες ερήμωσης και εγκατάλειψης, θα επισκεφθούμε το λεγόμενο "Ναό Τζή", ο οποίος ακόμη και σήμερα, καλύπτεται από μυστήριο 
521 |a Ταινία κατάλληλη για όλους τους θεατές 
650 0 0 |a Greeks  |z Italy  |z Sicily. 
651 0 |a Sicily (Italy)  |x Antiquities. 
710 2 |a Kos Advanced Communication Mix (Εταιρεία) 
830 0 |a Συγκλονιστικές ανακαλύψεις και αρχαίοι πολιτισμοί ;  |v  19 
852 |a INST  |b SYROS  |c AV  |e 20030923  |h 938.296 ΕΛΛ  |p 005500003417  |q 005500003417  |t VC  |y 23 
901 |a BIBL1-2003-2 
909 |a Ε  |b 103915 
970 |a ΜΑΝΩΛΑΡΑΚΗ  |b ΜΑΡΙΑ  |z 2003/09/23